| 000 | 01301nam0a22002891 4500 | ||
|---|---|---|---|
| 001 | rc\4247712 | ||
| 005 | 20260406205838.0 | ||
| 021 |
_aRU _b[64-56831] |
||
| 035 | _a(NLR Aleph) 008474323 | ||
| 090 |
_a7949891 _c7949891 |
||
| 100 | _a20130416d1964 |||y0rusy50 ca | ||
| 101 | 0 | _arus | |
| 102 | _aRU | ||
| 105 | _ay z ||||| | ||
| 200 | 1 |
_aУченая республика _e[Вольное о-во любителей российской словесности] _fАкад. наук СССР. Ин-т русской литературы (Пушкинский дом) |
|
| 210 |
_aМосква _aЛенинград _cНаука. [Ленингр. отд-ние] _d1964 |
||
| 215 |
_a463 с. _d21 |
||
| 601 | 0 | 2 |
_aВольное о-во любителей российской словесности _cПетербург _z1816-1825 _2psbo |
| 606 |
_aДекабристы _2psbo |
||
| 606 |
_aРусская литература _z19 в. _2psbo |
||
| 700 | 1 |
_aБазанов _bВ.Г. _f1911-1981 _gВасилий Григорьевич |
|
| 712 | 0 | 2 |
_aВольное о-во любителей российской словесности _cПетербург _3RU\NLR\AUTH\889966536 _9429426 |
| 801 | 0 |
_aRU _bNLR _gpsbo |
|
| 801 | 1 |
_aRU _bELAR _2rusmarc |
|
| 852 |
_aNLR _j64-5/3733 |
||
| 942 | _cBOOK | ||
| 980 | _aNB | ||